<?xml version="1.0" encoding="UTF-8"?><?xml-stylesheet type="text/xsl" href="static/style.xsl"?><OAI-PMH xmlns="http://www.openarchives.org/OAI/2.0/" xmlns:xsi="http://www.w3.org/2001/XMLSchema-instance" xsi:schemaLocation="http://www.openarchives.org/OAI/2.0/ http://www.openarchives.org/OAI/2.0/OAI-PMH.xsd"><responseDate>2026-05-11T14:37:59Z</responseDate><request verb="GetRecord" identifier="oai:riubu.ubu.es:10259/10381" metadataPrefix="marc">https://riubu.ubu.es/oai/request</request><GetRecord><record><header><identifier>oai:riubu.ubu.es:10259/10381</identifier><datestamp>2025-03-27T01:05:31Z</datestamp><setSpec>com_10259_4431</setSpec><setSpec>com_10259_2684</setSpec><setSpec>com_10259_5623</setSpec><setSpec>col_10259_4433</setSpec><setSpec>col_10259_10295</setSpec></header><metadata><record xmlns="http://www.loc.gov/MARC21/slim" xmlns:doc="http://www.lyncode.com/xoai" xmlns:xsi="http://www.w3.org/2001/XMLSchema-instance" xmlns:dcterms="http://purl.org/dc/terms/" xsi:schemaLocation="http://www.loc.gov/MARC21/slim http://www.loc.gov/standards/marcxml/schema/MARC21slim.xsd">
<leader>00925njm 22002777a 4500</leader>
<datafield tag="042" ind1=" " ind2=" ">
<subfield code="a">dc</subfield>
</datafield>
<datafield tag="720" ind1=" " ind2=" ">
<subfield code="a">Macías Morón, Juan José</subfield>
<subfield code="e">author</subfield>
</datafield>
<datafield tag="260" ind1=" " ind2=" ">
<subfield code="c">2025</subfield>
</datafield>
<datafield tag="520" ind1=" " ind2=" ">
<subfield code="a">Este texto supone una breve incursión atravesando el tiempo a lo largo de las diferentes etapas más importantes de la historia y en cómo se ha ido concibiendo la “locura”. Término que usaremos de forma irónica e inclusiva, como lo haría Erasmo de Rotterdam. A partir de aquí, vamos a revisitar cómo se ha ido comprendiendo el sufrimiento desde las diferentes épocas del pasado y su marcada impronta aún en el presente. Considero que el pasado sigue estando muy vivo, aunque de manera soterrada. No estamos tan lejos de esos primeros intentos del pasado en explicar y abordar la compleja variabilidad humana. La reflexión final, es que hemos cambiado el disfraz a cómo intervenimos, pero el trasfondo sigue teniendo muchas similitudes con tiempos pretéritos. En la parte final de este texto, aparecen diferentes postulados y soluciones propuestas que pueden ayudarnos a realizar nuestras intervenciones psicoterapéuticas de forma más eficaz, siendo escépticos, desde un punto de vista científico y contando con una mayor amplitud de miras a la hora de posicionarse ante los problemas psicológicos en la era actual.</subfield>
</datafield>
<datafield tag="024" ind2=" " ind1="8">
<subfield code="a">http://hdl.handle.net/10259/10381</subfield>
</datafield>
<datafield tag="245" ind1="0" ind2="0">
<subfield code="a">Historia de la locura: ecos de un pasado presente</subfield>
</datafield>
</record></metadata></record></GetRecord></OAI-PMH>